Statistics for April Fools' Quiz - Geography Edition

Click here to take the quiz!

General Stats

  • This quiz has been taken 182 times
  • The average score is 13 of 17

Answer Stats

QuestionAnswer% Correct
What is the largest desert in the world?Sahara
99%
Which country has the most pyramids?Egypt
97%
What is the official language of the United States?English
92%
What is the world's tallest mountain?Mount Everest
92%
In which season is the Earth closest to the Sun?Summer
92%
Which continent is Cyprus in?Europe
91%
What is the largest country in Central America?Mexico
91%
What is the only man-made object visible from space?Great Wall of China
88%
What is the capital of Australia?Sydney
82%
What weather event never strikes the same place twice?Lightning
81%
What is second largest city in the UK?Manchester
73%
What is the World's busiest international airport?Dubai or London Heathrow
68%
What is the smallest continent in the World?Oceania
58%
What is the capital of Holland?The Hague
56%
What is the capital of Kentucky?Louisville
42%
What is the tallest building in Europe?The Shard
28%
What causes toilets to drain clockwise in the Southern Hemisphere?Coriolis Effect
21%

Score Distribution

Percentile by Number Answered

Percent of People with Each Score

Your Score History

You have not taken this quiz